Les 25 plus grosses ventes de la Premier League - Statistiques

Statistiques générales
  • Ce quiz a été pris 77 fois
  • Le résultat moyen est 10 sur 25
Statistiques - réponses
#1 Saison Montant du Transfert Nom % Correct
8 09/10 94 mill.€ Cristiano Ronaldo
85%
1 17/18 135 mill.€ Philippe Coutinho
76%
3 21/22 117,5 mill.€ Jack Grealish
69%
4 23/24 116,6 mill.€ Declan Rice
62%
5 23/24 116 mill.€ Moises Caicedo
60%
6 13/14 101 mill.€ Gareth Bale
59%
10 17/18 84,7 mill.€ Romelu Lukaku
59%
18 19/20 74 mill.€ Romelu Lukaku
59%
2 19/20 120,8 mill.€ Eden Hazard
57%
11 17/18 84,65 mill.€ Virgil Van Dijk
57%
7 23/24 95 mill.€ Harry Kane
47%
9 19/20 87 mill.€ Harry Maguire
46%
23 15/16 63,7 mill.€ Raheem Sterling
46%
12 14/15 81,72 mill.€ Luis Suarez
34%
16 23/24 75 mill.€ Kai Havertz
29%
13 22/23 80,4 mill.€ Wesley Fofana
29%
24 15/16 63 mill.€ Angel Di Maria
25%
19 18/19 67,8 mill.€ Riyad Mahrez
25%
20 23/24 67,7 mill.€ Mason Mount
21%
15 24/25 75 mill.€ Julian Alvarez
18%
17 25/26 74,2 mill.€ Matheus Cunha
15%
21 22/23 65,3 mill.€ Marc Cucurella
10%
14 24/25 77 mill.€ Jhon Duran
9%
25 25/26 62,5 mill.€ Dean Huijsen
7%
22 24/25 64,3 mill.€ Dominic Solanke
6%
Aucun quiz correspondant
Distribution des résultats
% des personnes avec chaque résultat
Percentile par nombre de réponses
Votre historique - résultats
Vous n’avez pas pris ce quiz